00815cam a22002411 4500001001300000003000400013005001700017008004100034010002200075025001900097040001800116050002400134100005400158245007500212250001400287260009500301300001800396350001100414500004900425504003100474650005100505999001700556sa 68001248 DLC20260227112431.0710903s1966 ii b 00010 eng  asa 68001248 //r92 aPL480:I-E-9097 aDLCcDLCdDLC00aPL4758.4b.C45 196620aCeṅkalvarāya Piḷḷai, Va. Cu.,d1883-1971.10aHistory of the Tamil prose literature,cby V. S. Changalvaraya Pillai. a[1st ed.]0 aTirunelveli,bCopies can be had of: South India Saiva Siddhanta Works Pub. Society,c1966. a77, p. 18 cm. aRs1.50 aA reprint of the author's M.A. thesis, 1904. aBibliographical footnotes. 0aTamil prose literaturexHistory and criticism. c77830d77830